[Event "VIE Cup (Women)"]
[Site "Bac Giang"]
[Date "2018.06.05"]
[Round "9"]
[White "Nguyen, Hoang Anh"]
[Black "Doan, Thi Van Anh"]
[Result "0-1"]
[WhiteElo "1900"]
[BlackElo "1968"]
[PlyCount "122"]
[EventDate "2018.05.30"]
[EventType "swiss"]
[EventRounds "9"]
[EventCountry "VIE"]
[SourceTitle "CBM 184 Extra"]
[Source "ChessBase"]
[SourceDate "2018.06.28"]
[SourceVersion "1"]
[SourceVersionDate "2018.06.28"]
[SourceQuality "1"]

1. d4 f5 2. g3 Nf6 3. Bg2 e6 4. Nh3 Be7 5. 0-0 0-0 6. Nd2 Nc6 7. c3 d6 8. Qb3 Kh8 9. Ng5 d5 10. f3 Qe8 11. Nh3 Qh5 12. Nb1 Rg8 13. Bg5 Ne8 14. Bxe7 Nxe7 15. Nf4 Qf7 16. e4 g5 17. Nd3 f4 18. Ne5 Qf6 19. Nd2 c6 20. g4 Ng6 21. Nxg6+ Qxg6 22. Rad1 Nf6 23. Rfe1 h5 24. h3 Rg7 25. e5 Nd7 26. Kf2 c5 27. Nf1 b6 28. Rc1 Bb7 29. Nd2 Rc8 30. Qa4 a6 31. Bf1 b5 32. Qd1 Qh6 33. Qe2 Rh7 34. Kg1 Qf8 35. Bg2 Qd8 36. b4 cxd4 37. cxd4 Nb6 38. Nb3 Rc4 39. Qd2 Qf8 40. Nc5 Bc8 41. Kf2 Rxc1 42. Qxc1 Nc4 43. Rh1 Qh6 44. Qe1 Qg6 45. Qc1 Rc7 46. Qb1 Qh6 47. Qe1 Ne3 48. Qb1 Kg7 49. Qd3 Bd7 50. Qa3 Rc6 51. Qb2 Be8 52. Qa3 Qh7 53. Qb2 hxg4 54. hxg4 Qxh1 55. Bxh1 Nd1+ 56. Ke2 Nxb2 57. Kd2 a5 58. Kc3 Na4+ 59. Kb3 axb4 60. Kxb4 Nxc5 61. dxc5 Ra6 0-1

[Event "VIE-ch (Women)"]
[Site "Hanoi"]
[Date "2017.04.16"]
[Round "1"]
[White "Nguyen, Hoang Anh"]
[Black "Nguyen, Hong Anh"]
[Result "1-0"]
[WhiteElo "2029"]
[BlackElo "1566"]
[PlyCount "117"]
[EventDate "2017.04.16"]
[EventType "swiss"]
[EventRounds "11"]
[EventCountry "VIE"]
[SourceTitle "CBM 178 Extra"]
[Source "ChessBase"]
[SourceDate "2017.06.22"]
[SourceVersion "1"]
[SourceVersionDate "2017.06.22"]
[SourceQuality "1"]

1. d4 Nf6 2. c4 g6 3. Nc3 d5 4. cxd5 Nxd5 5. e4 Nxc3 6. bxc3 c5 7. Be3 Bg7 8. Bc4 Nc6 9. Ne2 0-0 10. 0-0 Qc7 11. Bf4 e5 12. Bg3 cxd4 13. cxd4 Bd7 14. Rc1 Qd8 15. d5 Na5 16. Bd3 b5 17. Qd2 Qb6 18. Kh1 Rac8 19. f3 Nc4 20. Bxc4 Rxc4 21. Bf2 Qc7 22. Rxc4 bxc4 23. Rc1 Rb8 24. Qc2 Bf8 25. Nc3 Qa5 26. h3 Bc5 27. Bxc5 Qxc5 28. Rb1 Rb6 29. Kh2 Kg7 30. Rc1 Rb8 31. Rb1 Rb6 32. Rc1 Rb8 33. Ne2 Qa3 34. Qc3 Qxc3 35. Rxc3 Rb2 36. Nc1 Bb5 37. Kg3 a5 38. Kh2 Kf6 39. a4 Ba6 40. Ra3 Ke7 41. Ra2 c3 42. Ra3 Rc2 43. Na2 Bf1 44. Nxc3 Bxg2 45. Kg3 Bf1 46. Kg4 Kf6 47. Nd1 Rh2 48. Ne3 Bxh3+ 49. Kg3 Rh1 50. Rc3 Bd7 51. Rc7 Bxa4 52. Ra7 Bb5 53. Ng4+ Kg7 54. Nxe5 Rg1+ 55. Kh2 Rd1 56. Rxf7+ Kg8 57. Rb7 Rd2+ 58. Kg3 Bf1 59. Kg4 1-0

[Event "Ho Chi Minh City zt 3.3 (Women)"]
[Site "Ho Chi Minh City"]
[Date "2015.03.14"]
[Round "8"]
[White "Nguyen, Hoang Anh"]
[Black "Tran, Thi Mong Thu"]
[Result "1/2-1/2"]
[WhiteElo "1872"]
[BlackElo "1934"]
[PlyCount "116"]
[EventDate "2015.03.07"]
[EventType "swiss"]
[EventRounds "9"]
[EventCountry "VIE"]
[SourceTitle "CBM 165 Extra"]
[Source "ChessBase"]
[SourceDate "2015.04.21"]
[SourceVersion "1"]
[SourceVersionDate "2015.04.21"]
[SourceQuality "1"]

1. Nf3 Nf6 2. c4 g6 3. Nc3 Bg7 4. e4 d6 5. d4 0-0 6. Be2 e6 7. Bg5 h6 8. Bh4 g5 9. Bg3 Nc6 10. h4 Nh7 11. d5 Ne7 12. hxg5 hxg5 13. Rxh7 Kxh7 14. Nxg5+ Kg8 15. Bd3 Bh6 16. Qh5 Bxg5 17. Qxg5+ Ng6 18. Qh6 e5 19. 0-0-0 Qf6 20. Rh1 Qg7 21. Qd2 f6 22. f4 exf4 23. Bxf4 Nxf4 24. Qxf4 Qxg2 25. Rh5 Qg6 26. Be2 Kg7 27. c5 dxc5 28. Qxc7+ Rf7 29. Qf4 Bd7 30. e5 fxe5 31. Qxe5+ Qf6 32. Qg3+ Kf8 33. Ne4 Qg7 34. Rg5 Qh6 35. Kc2 Rg7 36. Qf4+ Rf7 37. Rg8+ Kxg8 38. Qxh6 Bf5 39. Bd3 c4 40. Nf6+ Rxf6 41. Qxf6 cxd3+ 42. Kd2 Rf8 43. Qg5+ Kh7 44. Qe7+ Kg8 45. Qxb7 Rf7 46. Qb8+ Kg7 47. Qe5+ Kg6 48. b4 Rf8 49. a4 Rc8 50. Qg3+ Kf6 51. b5 Rc2+ 52. Kd1 Ra2 53. Qf4 Ra1+ 54. Kd2 Ra2+ 55. Kc1 Kg6 56. d6 d2+ 57. Kd1 Be6 58. Qg3+ Kf6 1/2-1/2

[Event "ASEAN-ch U16 Girls 15th"]
[Site "Taipa"]
[Date "2014.06.06"]
[Round "5"]
[White "Mendoza, Shania Mae"]
[Black "Nguyen, Hoang Anh"]
[Result "1/2-1/2"]
[WhiteElo "1909"]
[BlackElo "1848"]
[PlyCount "72"]
[EventDate "2014.06.04"]
[EventType "swiss"]
[EventRounds "9"]
[EventCountry "MAC"]
[SourceTitle "CBM 160 Extra"]
[Source "ChessBase"]
[SourceDate "2014.07.01"]
[SourceVersion "1"]
[SourceVersionDate "2014.07.01"]
[SourceQuality "1"]

1. e4 Nf6 2. e5 Nd5 3. c4 Nb6 4. d4 d6 5. exd6 cxd6 6. Nc3 g6 7. Be3 Bg7 8. Rc1 0-0 9. Be2 Nc6 10. Nf3 Bg4 11. b3 a5 12. 0-0 Nd7 13. Qd2 Nf6 14. h3 Bxf3 15. Bxf3 Rb8 16. Rfd1 Qd7 17. Na4 Qf5 18. Qe2 Nb4 19. a3 Na6 20. Nb6 e5 21. dxe5 Qxe5 22. Qd2 Nc5 23. Bxc5 dxc5 24. Qxa5 Qc7 25. Qb5 Rfd8 26. b4 cxb4 27. axb4 Rxd1+ 28. Rxd1 Rd8 29. Rxd8+ Qxd8 30. Nd5 Nxd5 31. Qxd5 Qe7 32. Qd2 b6 33. g3 Bf8 34. b5 Qe6 35. Bd5 Qe5 36. Kg2 Bc5 1/2-1/2

[Event "VIE-chT (Women)"]
[Site "Bac Giang"]
[Date "2013.08.19"]
[Round "9"]
[White "Nguyen, Hoang Anh"]
[Black "Do Huu Thuy, Trang"]
[Result "0-1"]
[WhiteElo "1896"]
[BlackElo "1832"]
[PlyCount "80"]
[EventDate "2013.08.14"]
[EventType "team-swiss"]
[EventRounds "11"]
[EventCountry "VIE"]
[SourceTitle "CBM 156 Extra"]
[Source "ChessBase"]
[SourceDate "2013.10.22"]
[SourceVersion "1"]
[SourceVersionDate "2013.10.22"]
[SourceQuality "1"]

1. Nf3 d5 2. c4 e6 3. g3 g6 4. Bg2 Bg7 5. 0-0 Ne7 6. d4 0-0 7. Nbd2 b6 8. Qc2 Nd7 9. e4 Bb7 10. b3 c5 11. Bb2 cxd4 12. Bxd4 e5 13. Bb2 d4 14. Ne1 f5 15. f4 Nc5 16. fxe5 d3 17. Qb1 fxe4 18. b4 Bh6 19. bxc5 Bxd2 20. Nxd3 Be3+ 21. Kh1 bxc5 22. Nf4 Qb6 23. Qc2 Rad8 24. Bc3 Bxf4 25. Rxf4 Rxf4 26. gxf4 e3 27. Re1 Nf5 28. Bxb7 Qxb7+ 29. Qg2 Qxg2+ 30. Kxg2 Rd3 31. Rc1 e2 32. Kf2 Rd1 33. Rc2 Nd4 34. Rxe2 Nxe2 35. Kxe2 Rh1 36. Kf3 Rc1 37. Bd2 Rxc4 38. Be3 a6 39. h3 Kf7 40. h4 h5 0-1

[Event "VIE-chT (Women)"]
[Site "Bac Giang"]
[Date "2013.08.17"]
[Round "6"]
[White "Pham, Duc Tri1111"]
[Black "Nguyen, Hoang Anh"]
[Result "1-0"]
[WhiteElo "2198"]
[BlackElo "1896"]
[PlyCount "71"]
[EventDate "2013.08.14"]
[EventType "team-swiss"]
[EventRounds "11"]
[EventCountry "VIE"]
[SourceTitle "CBM 156 Extra"]
[Source "ChessBase"]
[SourceDate "2013.10.22"]
[SourceVersion "1"]
[SourceVersionDate "2013.10.22"]
[SourceQuality "1"]

1. c4 Nf6 2. g3 e6 3. Bg2 d5 4. Nf3 Bd6 5. 0-0 0-0 6. Qc2 c6 7. d4 Nbd7 8. Rd1 Qe7 9. Nbd2 c5 10. e4 dxe4 11. Nxe4 Nxe4 12. Qxe4 Rb8 13. dxc5 Nxc5 14. Qc2 e5 15. b4 Ne6 16. c5 Bc7 17. Bb2 f6 18. Nh4 g6 19. a3 Rd8 20. Bd5 Kg7 21. Qc4 Bd7 22. Ng2 Rdc8 23. Ne3 Bd8 24. Rd2 Ng5 25. h4 Ne6 26. Rad1 Nf8 27. h5 Rc7 28. Qh4 b6 29. hxg6 Nxg6 30. Qh5 bxc5 31. Bb3 Be6 32. Bxe6 Qxe6 33. Nf5+ Kg8 34. Rxd8+ Rxd8 35. Rxd8+ Nf8 36. Qg4+ 1-0

[Event "Ho Chi Minh City HD Bank op 3rd"]
[Site "Ho Chi Minh City"]
[Date "2013.03.20"]
[Round "3"]
[White "Li, Xueyi"]
[Black "Nguyen, Hoang Anh"]
[Result "1-0"]
[WhiteElo "2135"]
[BlackElo "1913"]
[PlyCount "63"]
[EventDate "2013.03.19"]
[EventType "swiss"]
[EventRounds "9"]
[EventCountry "VIE"]
[SourceTitle "CBM 153 Extra"]
[Source "ChessBase"]
[SourceDate "2013.04.22"]
[SourceVersion "1"]
[SourceVersionDate "2013.04.22"]
[SourceQuality "1"]

1. d4 Nf6 2. c4 g6 3. Nc3 Bg7 4. e4 d6 5. Be2 c5 6. Nf3 0-0 7. h3 cxd4 8. Nxd4 Nc6 9. Be3 Bd7 10. 0-0 Nxd4 11. Bxd4 Bc6 12. Bf3 a6 13. a4 Qa5 14. Nd5 Bxd5 15. exd5 Rac8 16. Be2 Nd7 17. Bxg7 Kxg7 18. Qd4+ Kg8 19. h4 Qc5 20. Qxc5 Rxc5 21. b4 Rc7 22. a5 Ne5 23. Ra3 Rfc8 24. Rc1 Nd7 25. Bf1 Kg7 26. g3 Kf6 27. Bh3 Kg7 28. Re3 Re8 29. c5 dxc5 30. d6 exd6 31. Rxe8 Nf6 32. Rc8 1-0

[Event "Ho Chi Minh City HD Bank op 2nd"]
[Site "Ho Chi Minh City"]
[Date "2012.03.02"]
[Round "1"]
[White "Yang, Kaiqi"]
[Black "Nguyen, Hoang Anh"]
[Result "1-0"]
[WhiteElo "2360"]
[BlackElo "1924"]
[PlyCount "85"]
[EventDate "2012.03.02"]
[EventType "swiss"]
[EventRounds "9"]
[EventCountry "VIE"]
[SourceTitle "CBM 147 Extra"]
[Source "ChessBase"]
[SourceDate "2012.04.24"]
[SourceVersion "1"]
[SourceVersionDate "2012.04.24"]
[SourceQuality "1"]

1. e4 d6 2. d4 Nf6 3. Nc3 g6 4. f4 c5 5. dxc5 Qa5 6. cxd6 Nxe4 7. Qd4 Nf6 8. Bb5+ Bd7 9. Bxd7+ Nbxd7 10. Bd2 Qf5 11. 0-0-0 e6 12. Nge2 Bg7 13. Ng3 Qa5 14. Nge4 0-0 15. Nxf6+ Nxf6 16. Kb1 Qa6 17. Qb4 Rfc8 18. Be3 Rc4 19. Qb5 Qxb5 20. Nxb5 Rb4 21. Nc7 Ng4 22. b3 Nxe3 23. Nxa8 Nxd1 24. Rxd1 Rd4 25. Rxd4 Bxd4 26. d7 Bf6 27. Nc7 Kf8 28. Ne8 Bd8 29. Nd6 b6 30. Nc8 a5 31. c4 f6 32. Kc2 Kf7 33. Kd3 e5 34. fxe5 fxe5 35. Nd6+ Ke7 36. Nb7 Kxd7 37. Nxd8 Kxd8 38. Ke4 Kd7 39. Kxe5 Kc6 40. Kd4 b5 41. c5 b4 42. Kc4 g5 43. g4 1-0

[Event "Asian-ch U12 Girls"]
[Site "Beijing"]
[Date "2010.07.09"]
[Round "1.1"]
[White "Nguyen, Hoang Anh"]
[Black "Patricks, Anastasia"]
[Result "0-1"]
[WhiteElo "1978"]
[BlackElo "1802"]
[PlyCount "108"]
[EventDate "2010.07.09"]
[EventType "swiss"]
[EventRounds "9"]
[EventCountry "CHN"]
[SourceTitle "EXT 2024"]
[Source "ChessBase"]
[SourceDate "2023.10.10"]
[SourceVersion "1"]
[SourceVersionDate "2023.10.10"]
[SourceQuality "1"]

1. d4 Nf6 2. g3 g6 3. Bg2 Bg7 4. e4 d6 5. Nc3 c6 6. a4 0-0 7. h3 Nbd7 8. Nge2 e5 9. Be3 Nb6 10. b3 Qe7 11. Qd2 Rd8 12. Rd1 Be6 13. 0-0 Rac8 14. g4 Ne8 15. f4 f6 16. Ng3 Bf7 17. Qf2 d5 18. dxe5 fxe5 19. Bxb6 axb6 20. exd5 exf4 21. Nge2 g5 22. Nd4 Qc5 23. Ne4 Qf8 24. Nxg5 Bxd5 25. Nde6 Qf6 26. Nxd8 Qxg5 27. Nxb7 Bxg2 28. Kxg2 Qe7 29. Qxb6 Rb8 30. Qxc6 Qe2+ 31. Kh1 f3 32. Qd5+ Kh8 33. Qxf3 Qxf3+ 34. Rxf3 Rxb7 35. Rd8 Re7 36. c4 Bh6 37. g5 Bg7 38. c5 Kg8 39. c6 Be5 40. Rd7 Re6 41. Rff7 Rxc6 42. Rfe7 Rc1+ 43. Kg2 Rc2+ 44. Kf3 Rc3+ 45. Ke4 Rc8 46. Rxe5 h6 47. Kf5 Ng7+ 48. Kg4 h5+ 49. Kf4 Rf8+ 50. Ke4 Rb8 51. Ree7 Ne8 52. Kf5 Rc8 53. b4 Kf8 54. a5 Rc1 0-1

[Event "VIE-ch (Women)"]
[Site "Ho Chi Minh City"]
[Date "2010.03.29"]
[Round "6"]
[White "Nguyen, Hoang Anh"]
[Black "Do Thi Diem, Thuy"]
[Result "0-1"]
[WhiteElo "2069"]
[BlackElo "1898"]
[PlyCount "124"]
[EventDate "2010.03.26"]
[EventType "swiss"]
[EventRounds "9"]
[EventCountry "VIE"]
[SourceTitle "CBM 135 Extra"]
[Source "ChessBase"]
[SourceDate "2010.05.04"]
[SourceVersion "1"]
[SourceVersionDate "2010.05.04"]
[SourceQuality "1"]

1. d4 e6 2. Nf3 b6 3. g3 Bb7 4. Bg2 c5 5. e3 Nf6 6. 0-0 Be7 7. b3 d6 8. Bb2 Qc7 9. c4 0-0 10. Nc3 Ne4 11. Nb5 Qd7 12. dxc5 bxc5 13. Nd2 Nxd2 14. Qxd2 Bxg2 15. Kxg2 Qc6+ 16. Kg1 a6 17. Nc3 Nd7 18. f4 f5 19. Qg2 Qxg2+ 20. Kxg2 Nf6 21. Rad1 Rfd8 22. Rd3 d5 23. cxd5 exd5 24. Rfd1 c4 25. R3d2 cxb3 26. axb3 Bb4 27. Rd3 Rdc8 28. Kf3 Bxc3 29. Bxc3 Ne4 30. Be1 Nc5 31. Rxd5 Nxb3 32. Rxf5 a5 33. Rb5 Rcb8 34. Rdd5 a4 35. Bb4 Rxb5 36. Rxb5 Rc8 37. Ba3 Nd2+ 38. Kg4 Nc4 39. Bc1 Nd6 40. Rb1 g6 41. Kf3 Nc4 42. Ra1 Nb6 43. Ba3 Rc3 44. Bb4 Rc4 45. Ba3 Rc2 46. h3 Kf7 47. g4 Ke6 48. Bb4 Rc4 49. Ba5 Nd7 50. e4 Nc5 51. f5+ Kf7 52. e5 gxf5 53. gxf5 Nb3 54. e6+ Ke8 55. Rd1 Nxa5 56. f6 Nc6 57. f7+ Kf8 58. Rg1 Ne5+ 59. Ke3 Ng6 60. Kd3 Rc6 61. h4 Rxe6 62. h5 Nf4+ 0-1

[Event "VIE-ch (Women)"]
[Site "Ho Chi Minh City"]
[Date "2010.03.28"]
[Round "4"]
[White "Nguyen, Hoang Anh"]
[Black "Nguyen Thi Hoang, Oanh"]
[Result "1-0"]
[WhiteElo "2069"]
[BlackElo "2097"]
[PlyCount "49"]
[EventDate "2010.03.26"]
[EventType "swiss"]
[EventRounds "9"]
[EventCountry "VIE"]
[SourceTitle "CBM 135 Extra"]
[Source "ChessBase"]
[SourceDate "2010.05.04"]
[SourceVersion "1"]
[SourceVersionDate "2010.05.04"]
[SourceQuality "1"]

1. d4 d5 2. Nf3 Nf6 3. g3 e6 4. Bg2 Bd6 5. 0-0 0-0 6. b3 Nbd7 7. Bb2 Re8 8. c4 c6 9. Nc3 b6 10. Re1 Bb7 11. Nd2 e5 12. cxd5 cxd5 13. e4 exd4 14. Nxd5 Nxd5 15. exd5 Bc5 16. Rxe8+ Qxe8 17. Nc4 Nf6 18. Bxd4 Rd8 19. Bxf6 gxf6 20. Qg4+ Kf8 21. Qf5 Qe2 22. Qxf6 Rd7 23. Ne5 Bxf2+ 24. Kh1 Rc7 25. Qd8+ 1-0